Pakistan's Nuclear Future Worries Beyond War: (Record no. 180040)

MARC details
000 -LEADER
fixed length control field 00615nam a22001817a 4500
005 - DATE AND TIME OF LATEST TRANSACTION
control field 20210722120149.0
010 ## - LCCN (DPL NO)
LC control number ENG-129610
020 ## - INTERNATIONAL STANDARD BOOK NUMBER
International Standard Book Number 978-93-86535-24-5
Terms of availability 949.00
035 ## - SYSTEM CONTROL NUMBER
System control number EN-113142
037 ## - SOURCE OF ACQUISITION
Source of stock number/acquisition DBAD/PUB
082 ## - DEWEY DECIMAL CLASSIFICATION NUMBER
Classification number 355.0217095491
100 ## - MAIN ENTRY--PERSONAL NAME
Personal name Kumar, Ashutosh
245 ## - TITLE STATEMENT
Title Pakistan's Nuclear Future Worries Beyond War:
Remainder of title /
Statement of responsibility, etc By Ashutosh Kumar
260 ## - PUBLICATION, DISTRIBUTION, ETC. (IMPRINT)
Place of publication, distribution, etc New Delhi
Name of publisher, distributor, etc Jawahar Publishers & Distributors
Date of publication, distribution, etc 2021
270 ## - ADDRESS
Address 46, Samachar Apartment,
City Mayur Vihar-I, New Delhi
Postal code 110091
300 ## - PHYSICAL DESCRIPTION
Extent 290p.
Dimensions 23cm(pbk)
Other physical details Bibliography, Index
942 ## - ADDED ENTRY ELEMENTS (KOHA)
Source of classification or shelving scheme Dewey Decimal Classification
Item type English Books
Classification part 355.0217095491
Call number suffix KUM
Holdings
Withdrawn status Lost status Not for loan Collection code Home library Current library Date acquired Source of acquisition Cost, normal purchase price Full call number Barcode Copy number Cost, replacement price Koha item type
      Non-fiction Central Library Central Library 22/07/2021 DBAD/PUB 949.00 355.0217095491 KUM EN-113142 1 949.00 English Books

© Delhi Public Library
Hit Counter
free hit counter